[Event "Oberfranken-ch U18 0809"]
[Site "Schney"]
[Date "2009.01.03"]
[Round "3"]
[White "Heckel, Christopher"]
[Black "Stoecklein, Matthias"]
[Result "0-1"]
[WhiteElo "1818"]
[BlackElo "1747"]
[PlyCount "77"]
[EventDate "2009.01.02"]
[EventType "tourn"]
[EventRounds "7"]
[EventCountry "GER"]
[SourceTitle "EXT 2012"]
[Source "ChessBase"]
[SourceDate "2011.11.24"]
[SourceVersion "1"]
[SourceVersionDate "2011.11.24"]
[SourceQuality "1"]

1. e4 c5 2. Nf3 d6 3. d4 cxd4 4. Nxd4 Nf6 5. Nc3 a6 6. Bg5 e6 7. f4 Qc7 8. Be2 b5 9. a3 Nbd7 10. 0-0 Bb7 11. Bf3 Be7 12. Re1 h6 13. Bxf6 Bxf6 14. Kh1 0-0 15. Ncxb5 axb5 16. Nxb5 Qb6 17. Nxd6 Bc6 18. e5 Bh4 19. Bxc6 Qxc6 20. Re3 Be7 21. b4 Rfd8 22. Rd3 Nb6 23. Rc1 Bxd6 24. Rxd6 Rxd6 25. Qxd6 Qxd6 26. exd6 Rxa3 27. Kg1 Kf8 28. c4 Ke8 29. c5 Nd5 30. c6 Rc3 31. Rxc3 Nxc3 32. d7+ Kd8 33. Kf2 Nb5 34. Ke3 Na7 35. Kd4 Nxc6+ 36. Kc5 Kxd7 37. b5 Nd8 38. h4 Nb7+ 39. Kb6 0-1

[Event "Oberfranken-ch U16"]
[Site "Schney"]
[Date "2006.01.03"]
[Round "4.1"]
[White "Stoecklein, Matthias"]
[Black "Backer, Julia"]
[Result "1/2-1/2"]
[WhiteElo "1445"]
[BlackElo "1571"]
[PlyCount "60"]
[EventDate "2006.01.02"]
[EventType "swiss"]
[EventRounds "7"]
[EventCountry "GER"]
[SourceTitle "EXT 2019"]
[Source "ChessBase"]
[SourceDate "2018.10.10"]
[SourceVersion "1"]
[SourceVersionDate "2018.10.10"]
[SourceQuality "1"]

1. d4 d5 2. Nf3 e6 3. Bf4 Nf6 4. e3 c5 5. c3 Qb6 6. Qb3 Qxb3 7. axb3 Bd7 8. Bxb8 Rxb8 9. Rxa7 b6 10. Ne5 b5 11. Nxd7 Nxd7 12. Na3 c4 13. b4 Bd6 14. Ra5 Bc7 15. Rxb5 Ra8 16. e4 Nf6 17. exd5 exd5 18. Be2 Kd7 19. 0-0 Kc6 20. Bf3 Bd6 21. Ra5 Rxa5 22. bxa5 Bxa3 23. bxa3 Ra8 24. Ra1 Rxa5 25. a4 Ra7 26. Kf1 Re7 27. Re1 Rxe1+ 28. Kxe1 Kb6 29. g4 g5 30. Bg2 Ka5 1/2-1/2